Аптекарь: роман

Opis bibliograficzny
1. autor: Орлов В. В. Владимир Викторович
Streszczenie:Исключено из фонда НТБ ТПУ
Język:rosyjski
Wydane: Москва, Советский писатель, 1990
Format: MixedMaterials Książka
KOHA link:https://koha.lib.tpu.ru/cgi-bin/koha/opac-detail.pl?biblionumber=305900

MARC

LEADER 00000nam0a2200000 4500
001 305900
005 20231101011120.0
010 |a 526501165X 
020 |a RU  |b 94-8194 
035 |a (RuTPU)RU\TPU\book\331175 
035 |a RU\TPU\book\157672 
090 |a 305900 
100 |a 20151001d1990 m y0rusy5003 ca 
101 0 |a rus 
102 |a RU 
105 |a c z 000ay 
200 1 |a Аптекарь  |e роман  |f В. В. Орлов 
210 |a Москва  |c Советский писатель  |d 1990 
215 |a 512 с.  |d 22 см 
333 |a Исключено из фонда НТБ ТПУ 
675 |a Р2  |z rus 
700 1 |a Орлов  |b В. В.  |g Владимир Викторович  |4 070 
801 0 |a RU  |b 63413507  |c 19950413  |g psbo 
801 1 |a RU  |b 63413507  |c 20081017  |g PSBO 
801 2 |a RU  |b 63413507  |c 20221005  |g PSBO 
942 |c BK